000 00657nam a2200193Ia 4500
008 240729s9999 xx 000 0 und d
022 _a2767-9713
245 0 _aAdvanced Devices & Instrumentation
260 _aUnited States
260 _bAmerican Association for the Advancement of Science (AAAS)
650 _a Applied optics. Photonics
650 _a Electrical engineering. Electronics. Nuclear engineering
650 _a Electronics | Technology
650 _a Engineering (General). Civil engineering (General)
650 _aTechnology
856 _uhttps://doaj.org/toc/991541d3625d42db8452c609f92e5abc
942 _2ddc
942 _cDOAJEJ
999 _c72884
_d72884
945 _a1
_bMadushi Gamage
_c1
_dMadushi Gamage